<?xml version="1.0" encoding="UTF-8"?>
<record
    xmlns:xsi="http://www.w3.org/2001/XMLSchema-instance"
    xsi:schemaLocation="http://www.loc.gov/MARC21/slim http://www.loc.gov/standards/marcxml/schema/MARC21slim.xsd"
    xmlns="http://www.loc.gov/MARC21/slim">

  <leader>00951nam a22002177a 4500</leader>
  <datafield tag="999" ind1=" " ind2=" ">
    <subfield code="c">6826</subfield>
    <subfield code="d">6826</subfield>
  </datafield>
  <controlfield tag="005">20181112131807.0</controlfield>
  <datafield tag="010" ind1=" " ind2=" ">
    <subfield code="a">B-235102</subfield>
  </datafield>
  <datafield tag="020" ind1=" " ind2=" ">
    <subfield code="a">9788190595308</subfield>
    <subfield code="c">375.00</subfield>
  </datafield>
  <datafield tag="035" ind1=" " ind2=" ">
    <subfield code="a">B-235102</subfield>
  </datafield>
  <datafield tag="037" ind1=" " ind2=" ">
    <subfield code="b">BPPD/PUB</subfield>
  </datafield>
  <datafield tag="082" ind1=" " ind2=" ">
    <subfield code="a">363.1</subfield>
  </datafield>
  <datafield tag="100" ind1=" " ind2=" ">
    <subfield code="a">&#x938;&#x942;&#x930;&#x91C;&#x92D;&#x93E;&#x928; &#x915;&#x93E;&#x91C;&#x932;</subfield>
  </datafield>
  <datafield tag="245" ind1=" " ind2=" ">
    <subfield code="a">&#x938;&#x941;&#x930;&#x915;&#x94D;&#x937;&#x93E; &#x915;&#x940; &#x928;&#x908; &#x926;&#x93F;&#x936;&#x93E;&#x90F;&#x901;</subfield>
    <subfield code="c">&#x938;&#x942;&#x930;&#x91C;&#x92D;&#x93E;&#x928; &#x915;&#x93E;&#x91C;&#x932;</subfield>
  </datafield>
  <datafield tag="246" ind1=" " ind2=" ">
    <subfield code="a">Suraksha ki nai Disayen</subfield>
    <subfield code="b">by Suraj Bhan Kajal</subfield>
  </datafield>
  <datafield tag="250" ind1=" " ind2=" ">
    <subfield code="a">3&#x930;&#x93E; &#x938;&#x902;&#x938;&#x94D;&#x915;</subfield>
  </datafield>
  <datafield tag="260" ind1=" " ind2=" ">
    <subfield code="a">  &#x926;&#x93F;&#x932;&#x94D;&#x932;&#x940;</subfield>
    <subfield code="b">&#x936;&#x93F;&#x932;&#x94D;&#x92A;&#x93E;&#x92F;&#x928;  </subfield>
    <subfield code="c">2007</subfield>
  </datafield>
  <datafield tag="270" ind1=" " ind2=" ">
    <subfield code="b">&#x928;&#x908;  &#x926;&#x93F;&#x932;&#x94D;&#x932;&#x940;</subfield>
    <subfield code="a">&#x908;-224,&#x936;&#x94D;&#x92F;&#x93E;&#x92E; &#x935;&#x93F;&#x939;&#x93E;&#x930;,&#x92B;&#x947;&#x91C;-1,&#x926;&#x940;&#x928;&#x92A;&#x941;&#x930; &#x928;&#x91C;&#x92B;&#x917;&#x922;&#x93C;</subfield>
    <subfield code="e">110043</subfield>
  </datafield>
  <datafield tag="300" ind1=" " ind2=" ">
    <subfield code="a">204&#x92A;&#x943;</subfield>
    <subfield code="c">22 &#x938;&#x947;&#x92E;&#x940; (&#x938;&#x91C;&#x93F;&#x932;&#x94D;&#x926;)</subfield>
    <subfield code="b">(&#x930;&#x902;&#x917;&#x940;&#x928; &#x92B;&#x94B;&#x91F;&#x94B;)</subfield>
  </datafield>
  <datafield tag="500" ind1=" " ind2=" ">
    <subfield code="a">&#x938;&#x928; 2005&#x915;&#x93E; &#x938;&#x902;&#x938;&#x94D;&#x915;&#x930;&#x923; &#x906;&#x92F;&#x93E; &#x939;&#x948;</subfield>
  </datafield>
  <datafield tag="942" ind1=" " ind2=" ">
    <subfield code="a">dpl</subfield>
    <subfield code="c">HN</subfield>
    <subfield code="k">363.1 / &#x938;&#x942;&#x930;&#x91C;</subfield>
    <subfield code="2">ddc</subfield>
    <subfield code="h">363.1</subfield>
    <subfield code="m">&#x938;&#x942;&#x930;&#x91C;</subfield>
  </datafield>
  <datafield tag="952" ind1=" " ind2=" ">
    <subfield code="0">0</subfield>
    <subfield code="1">0</subfield>
    <subfield code="4">0</subfield>
    <subfield code="7">0</subfield>
    <subfield code="a">DBAD</subfield>
    <subfield code="b">DBAD</subfield>
    <subfield code="d">2008-09-12</subfield>
    <subfield code="g">375.00</subfield>
    <subfield code="l">0</subfield>
    <subfield code="o">363.1 &#x938;&#x942;&#x930;&#x91C;</subfield>
    <subfield code="p">HN-53024</subfield>
    <subfield code="r">2008-09-15 00:00:00</subfield>
    <subfield code="t">1</subfield>
    <subfield code="u">7328</subfield>
    <subfield code="v">375.00</subfield>
    <subfield code="w">2008-09-15</subfield>
    <subfield code="y">HN</subfield>
  </datafield>
  <datafield tag="952" ind1=" " ind2=" ">
    <subfield code="0">0</subfield>
    <subfield code="1">0</subfield>
    <subfield code="4">0</subfield>
    <subfield code="7">0</subfield>
    <subfield code="8">NFIC</subfield>
    <subfield code="a">ZLS</subfield>
    <subfield code="b">ZLS</subfield>
    <subfield code="d">2012-04-13</subfield>
    <subfield code="g">375.00</subfield>
    <subfield code="l">0</subfield>
    <subfield code="o">363.1 &#x938;&#x942;&#x930;&#x91C;</subfield>
    <subfield code="p">B-235111</subfield>
    <subfield code="r">2012-04-13 00:00:00</subfield>
    <subfield code="v">375.00</subfield>
    <subfield code="w">2012-04-13</subfield>
    <subfield code="y">HN</subfield>
  </datafield>
  <datafield tag="952" ind1=" " ind2=" ">
    <subfield code="0">0</subfield>
    <subfield code="1">0</subfield>
    <subfield code="4">0</subfield>
    <subfield code="7">0</subfield>
    <subfield code="8">NFIC</subfield>
    <subfield code="a">RC</subfield>
    <subfield code="b">RC</subfield>
    <subfield code="d">2018-11-12</subfield>
    <subfield code="g">375.00</subfield>
    <subfield code="l">0</subfield>
    <subfield code="o">363.1 &#x938;&#x942;&#x930;&#x91C;</subfield>
    <subfield code="p">B-235108</subfield>
    <subfield code="r">2018-11-12 00:00:00</subfield>
    <subfield code="v">375.00</subfield>
    <subfield code="w">2018-11-12</subfield>
    <subfield code="y">HN</subfield>
  </datafield>
  <datafield tag="952" ind1=" " ind2=" ">
    <subfield code="0">0</subfield>
    <subfield code="1">0</subfield>
    <subfield code="4">0</subfield>
    <subfield code="7">0</subfield>
    <subfield code="8">NFIC</subfield>
    <subfield code="a">BL4</subfield>
    <subfield code="b">BL4</subfield>
    <subfield code="d">2018-11-12</subfield>
    <subfield code="e">BPPD/PUB</subfield>
    <subfield code="g">375.00</subfield>
    <subfield code="l">0</subfield>
    <subfield code="o">363.1 &#x938;&#x942;&#x930;&#x91C;</subfield>
    <subfield code="p">B-235102</subfield>
    <subfield code="r">2018-11-12 00:00:00</subfield>
    <subfield code="v">375.00</subfield>
    <subfield code="y">HN</subfield>
  </datafield>
</record>
